European Countries Not in the European Union - Statistics

General Stats
  • This quiz has been taken 95 times
    46 since last reset
  • The average score is 20 of 22
Answer Stats
Country % Correct
Andorra
100%
Bosnia and Herzegovina
98%
Liechtenstein
98%
San Marino
98%
Serbia
98%
Vatican City
98%
Albania
95%
Iceland
95%
Montenegro
95%
Switzerland
95%
Turkey
95%
Ukraine
95%
Belarus
93%
Kosovo
93%
Moldova
93%
Norway
93%
Monaco
91%
Russia
91%
Macedonia
89%
Azerbaijan
73%
Georgia
70%
Kazakhstan
59%
No matching quizzes found
Score Distribution
Percent of People with Each Score
Percentile by Number Answered
Your Score History
You have not taken this quiz since the last reset